| 000 | 00535 a2200181 4500 | ||
|---|---|---|---|
| 003 | OSt | ||
| 005 | 20240523123315.0 | ||
| 008 | 230826b |||||||| |||| 00| 0 eng d | ||
| 020 | _a9789354494703 | ||
| 040 | _coclc | ||
| 082 |
_a332.6459 _bJAN/D |
||
| 100 | 1 |
_aJanakiramanan, Sundaram _99368 |
|
| 245 |
_aDERIVATIVES AND RISK MANAGEMENT / _cSundaram Janakiramanan |
||
| 250 | _a 2nd ed. | ||
| 260 |
_aChennai: _bPearson, _c2023. |
||
| 300 | _a504 pages | ||
| 942 |
_2ddc _cBK _h332.6457 _iJAN/D _k332.6457 _mJAN/D |
||
| 999 |
_c42012 _d42012 |
||